| 000 | 01067nam a22002537a 4500 | ||
|---|---|---|---|
| 999 |
_c64234 _d64234 |
||
| 005 | 20240530110721.0 | ||
| 008 | 180325s2016 ua f f b 000 0dara d | ||
| 017 |
_a2016/14599 _bمصر. دار الكتب |
||
| 020 | _a9789779207285 | ||
| 040 |
_aEG-CaGPL _cEG-CaGPL |
||
| 082 | 0 | 4 |
_221 _a932 / _bق/ك ص |
| 100 | 1 | _aكولا، اليوت | |
| 245 | 1 | 0 |
_aصراعات حول الاثار المصرية : _bعلم المصريات، الولع بمصر، مصر المعاصرة / _cتاليف اليوت كولا ؛ ترجمة وتقديم سحر توفيق |
| 250 | _aط.1 | ||
| 260 |
_aالقاهرة : _bالمركز القومى للترجمة ، _c2016. |
||
| 300 |
_a352 ص. : _bايض ؛ _c24 سم. |
||
| 490 | 0 |
_aالمركز القومى للترجمة ؛ _v2337. |
|
| 650 | 0 | 7 |
_2qrmak _aالاثار، علم |
| 650 | 0 | 7 |
_2qrmak _aالعلوم عند الفراعنة |
| 651 | 0 | 7 |
_2qrmak _aمصر القديمة _xتاريخ |
| 700 | 0 |
_aسحر توفيق _eمترجم ومقدم |
|
| 942 |
_2ddc _cBK |
||